Hedging and discourse: approaches to the analysis of a pragmatic phenomenon in academic texts
Uloženo v:
| Hlavní autoři: | , |
|---|---|
| Médium: | Kniha |
| Jazyk: | angličtina |
| Vydáno: |
Berlín
Walter de Gruyter
1997
|
| Edice: | Research in Text Theory, 24
|
| Témata: | |
| Tagy: |
Přidat tag
Žádné tagy, Buďte první, kdo vytvoří štítek k tomuto záznamu!
|
MARC
| LEADER | 00000nam a2200000 a 4500 | ||
|---|---|---|---|
| 001 | UCJ0404 | ||
| 003 | CL-VaPUC | ||
| 008 | 060804e19970000GW |||||||||||||||||eng|d | ||
| 020 | |a 3110155915 | ||
| 082 | 0 | 4 | |a 401.41 |b MAR |2 21 |
| 100 | |a Markkanen, Raija |e autora |9 500587 | ||
| 700 | 0 | |a Schröder, Hartmut |e author |9 500588 | |
| 245 | 1 | 0 | |a Hedging and discourse: approaches to the analysis of a pragmatic phenomenon in academic texts |
| 300 | |a 280 p | ||
| 942 | |c BK | ||
| 945 | |d 20060804 00:00:00 |a cmena | ||
| 260 | |a Berlín |b Walter de Gruyter |c 1997 | ||
| 650 | 0 | |a Análisis del discurso |9 256696 | |
| 650 | 0 | |a Pragmática |9 416307 | |
| 650 | 0 | |a Sociolingüística |9 263716 | |
| 583 | |a last modification |c 20130305 04:43:58 |k Rodrigo Vera | ||
| 490 | 0 | |a Research in Text Theory, 24 | |
| 999 | |c 317260 |d 317258 | ||
| 952 | |0 0 |1 0 |4 0 |6 401_410000000000000_MAR_1997 |7 0 |8 A |9 393318 |a FDOPOS |b FDOPOS |d 2019-11-22 |i 4259122 |o 401.41 MAR 1997 |p 4259122 |r 2025-01-22 |w 2019-11-22 |y BK |k MLA | ||